Nephritis : being part II of several clinical treatises on the pathology and therapy of disorders of metabolism and nutrition /

Nephritis, Part II of Several Clinical Treatises on the Pathology and Therapy of Disorders of Metabolism and Nutrition discusses the most important fundamental principles of the treatment of renal diseases. This book focuses on two chief forms of renal disease- acute nephritis and contracted kidney....

Full description

Bibliographic Details
Main Author: Noorden, Carl von, 1858-1944 (Author)
Corporate Author: ScienceDirect (Online service)
Format: eBook
Language:English
Published: Bristol : John Wright & Co., 1903.
Subjects:
Online Access:Connect to the full text of this electronic book

MARC

Tag First Indicator Second Indicator Subfields
LEADER 00000cam a2200000 i 4500
001 in00005756085
005 20260326210324.6
006 m o d
007 cr cnu---unuuu
008 140923s1903 enk o 000 0 eng d
040 |a OPELS  |b eng  |e rda  |e pn  |c OPELS  |d OCLCO  |d E7B  |d OCLCF  |d VLY  |d OCLCQ  |d OCLCO  |d OCLCQ  |d OCLCO  |d OCLCL  |d OCLCQ 
020 |a 9781483166834  |q (electronic bk.) 
020 |a 148316683X  |q (electronic bk.) 
035 |a (OCoLC)891145320 
041 1 |a eng  |h ger 
050 4 |a RC902  |b .N66 1903eb 
082 0 4 |a 616.6/1  |2 23 
049 |a TXAM 
100 1 |a Noorden, Carl von,  |d 1858-1944,  |e author.  |1 https://id.oclc.org/worldcat/entity/E39PBJbMdjm9BBkxj4FJHdCPcP 
240 1 0 |a Ueber die Behandlung der acuten Nierenentzündung und der Schrumpfniere.  |l English 
245 1 0 |a Nephritis :  |b being part II of several clinical treatises on the pathology and therapy of disorders of metabolism and nutrition /  |c by Prof. Dr. Carl von Noorden, Physician in Chief to the City Hospital, Frankfort a.M. 
264 1 |a Bristol :  |b John Wright & Co.,  |c 1903. 
300 |a 1 online resource (112 pages) 
336 |a text  |b txt  |2 rdacontent 
337 |a computer  |b c  |2 rdamedia 
338 |a online resource  |b cr  |2 rdacarrier 
588 0 |a Online resource; title from PDF information screen (Elsevier, viewed September 23, 2014). 
505 0 |a Front Cover; Nephritis; NOTE BY THE AMERICAN EDITOR; Table of Contents; INTRODUCTORY; CHAPTER I. THE CUSTOMARY THERAPY OF KIDNEY DISEASES; (a) Acute Nephritis; (b) Sub-Chronic Nephritis; (c) The Contracted Kidney; CHAPTER II. THE PRINCIPLE OF SAVING THE KIDNEYS IN RENAL DISEASES; CHAPTER III. THE FACTS OF METABOLISM AS A BASIS FOR THE DIETARY REGULATIONS TO BE ADOPTED IN THE PROTECTIVE THERAPY OF KIDNEY DISEASES; (a) Creatin; (b) Urinary Pigments; (c) Phosphoric Acid; (d) Urea and Sulphates; (e) Hippuric Acid; (f) Ammonia; (g) Acetic Acid and Citric Acid; (h) Uric Acid and Alloxuric Bases 
505 8 |a (I) Alcohol(j) Water (Sweating Cures); (k) Drugs; CHAPTER IV. THE PRINCIPLES UNDERLYING THE DIETETIC AND PHYSICAL TREATMENT OF ACUTE NEPHRITIS; (a) Anuria and Oliguria; (b) Moderate Edema; (c) Convalescent Stage of Acute Nephritis; CHAPTER V. THE PRINCIPLES UNDERLYING THE DIETETIC AND PHYSICAL TREATMENT OF CONTRACTED KIDNEY; (a) General Considerations; (b) Alcohol; (c) Condiments; (d) Drugs; (e) Coffee, Tea, Tobacco; (f) Meat; (g) The Amount of Proteid Ingested; (h) The Allowance of Water; (i) Total Nourishment (Caloric Value); (j) Physical Treatment 
520 |a Nephritis, Part II of Several Clinical Treatises on the Pathology and Therapy of Disorders of Metabolism and Nutrition discusses the most important fundamental principles of the treatment of renal diseases. This book focuses on two chief forms of renal disease- acute nephritis and contracted kidney. The parenchymatous or sub-chronic form of nephritis is only briefly mentioned. Other topics discussed include the customary therapy of kidney diseases; principle of saving the kidneys in renal diseases; and facts of metabolism as a basis for the dietary regulations to be adopted in the protective t. 
650 0 |a Kidneys  |x Diseases. 
650 2 |a Kidney Diseases 
650 6 |a Reins  |x Maladies. 
650 7 |a Kidneys  |x Diseases  |2 fast 
655 7 |a Electronic books.  |2 local 
700 1 |i Translation of (work):  |a Noorden, Carl von,  |d 1858-1944.  |t Ueber die Behandlung der acuten Nierenentzündung und der Schrumpfniere. 
710 2 |a ScienceDirect (Online service) 
758 |i has work:  |a Nephritis (Text)  |1 https://id.oclc.org/worldcat/entity/E39PCFxc8BPWPt34DVCKFDTbkC  |4 https://id.oclc.org/worldcat/ontology/hasWork 
776 0 8 |i Print version:  |a Noorden, Carl von, 1858-1944.  |s Ueber die Behandlung der acuten Nierenentzündung und der Schrumpfniere. English.  |t Nephritis.  |d Bristol : J. Wright, 1903  |w (OCoLC)224939838 
856 4 0 |u http://proxy.library.tamu.edu/login?url=https://www.sciencedirect.com/science/book/9781483166834  |z Connect to the full text of this electronic book  |t 0 
955 |a Elsevier ScienceDirect 2026-2027 
994 |a 92  |b TXA 
999 f f |i 2da249c0-243c-43a1-af6e-d7e6b55692ba  |s b518cae9-d952-482a-8db5-45a163112c98  |t 0 
952 f f |a Texas A&M University  |b College Station  |c Electronic Resources  |s www_evans  |d Available Online  |t 0  |e RC902 .N66 1903eb  |h Library of Congress classification 
998 f f |a RC902 .N66 1903eb  |t 0  |l Available Online